| 000 | 00312nam a22001217a 4500 | ||
|---|---|---|---|
| 082 |
_a923.5 _bSHA _cM |
||
| 100 |
_aShahab, Qudrat Ullah _951134 |
||
| 245 | _aشہاب نامہ | ||
| 260 |
_aLahore, _bservices book club, _c2005. |
||
| 300 | _a893p. | ||
| 526 |
_a0 _b0 _c0 _d923_500000000000000_SHA |
||
| 942 |
_2ddc _cBK |
||
| 999 |
_c553890 _d553890 |
||